| 000 | 00696nam a22002537a 4500 | ||
|---|---|---|---|
| 003 | CHAP | ||
| 005 | 20220329133047.0 | ||
| 008 | 971013s1988 r 00010 d | ||
| 010 | _a1726 | ||
| 011 | _a2698 | ||
| 035 | _a1894 | ||
| 040 | _cCHAP | ||
| 082 |
_a634 _bR98 |
||
| 100 | 0 | 0 |
_aRyugo, Kay. _9101050 |
| 245 |
_aFruit culture _b: its science and art |
||
| 260 |
_aNew York : _bWiley, _c1988 |
||
| 300 |
_a344 p. _b: ilus. |
||
| 590 |
_aBATCH-UPD _b10 _c20130110 _lUCH01 _h2003 |
||
| 590 |
_aCONVERSION _b10 _c20130109 _lUCH01 _h1302 |
||
| 650 | 1 | 4 |
_aFruticultura. _943684 |
| 901 | _aBK | ||
| 942 | _cLIBRO | ||
| 949 |
_a634 R98 _bBC _cLIBRO _d33724000002002 _eLIBRO _gI.c/e _h88003 _i1894 _si _t10.00 |
||
| 999 |
_c1726 _d1726 |
||